Employees, careers, and job creation : (Record no. 2986)
[ view plain ]
| 000 -LEADER | |
|---|---|
| fixed length control field | 00693nam a22002177a 4500 |
| 001 - CONTROL NUMBER | |
| control field | 2986 |
| 003 - CONTROL NUMBER IDENTIFIER | |
| control field | BD-DhBUF |
| 005 - DATE AND TIME OF LATEST TRANSACTION | |
| control field | 20260131120111.0 |
| 008 - FIXED-LENGTH DATA ELEMENTS--GENERAL INFORMATION | |
| fixed length control field | 260131b bg ||||| |||| 00| 0 ben d |
| 020 ## - INTERNATIONAL STANDARD BOOK NUMBER | |
| International Standard Book Number | 0787901253 |
| 040 ## - CATALOGING SOURCE | |
| Original cataloging agency | BD-DhBUF |
| Transcribing agency | BD-DhBUF |
| 100 ## - MAIN ENTRY--PERSONAL NAME | |
| Personal name | London, Manuel |
| 9 (RLIN) | 2389 |
| 245 ## - TITLE STATEMENT | |
| Title | Employees, careers, and job creation : |
| Remainder of title | developing growth -oriented human resource strategies and programs / |
| Statement of responsibility, etc. | Manuel London, |
| 260 ## - PUBLICATION, DISTRIBUTION, ETC. | |
| Place of publication, distribution, etc. | Sun Francisco: |
| Name of publisher, distributor, etc. | Jossey- Bass |
| Date of publication, distribution, etc. | C 1995. |
| 300 ## - PHYSICAL DESCRIPTION | |
| Extent | xxvi, 315p. : |
| Dimensions | 23cm. ; |
| 650 ## - SUBJECT ADDED ENTRY--TOPICAL TERM | |
| Topical term or geographic name entry element | Career development |
| 9 (RLIN) | 323 |
| 650 ## - SUBJECT ADDED ENTRY--TOPICAL TERM | |
| Topical term or geographic name entry element | Displaced workers |
| 9 (RLIN) | 4319 |
| 650 ## - SUBJECT ADDED ENTRY--TOPICAL TERM | |
| Topical term or geographic name entry element | Job creation |
| 9 (RLIN) | 2471 |
| 650 ## - SUBJECT ADDED ENTRY--TOPICAL TERM | |
| Topical term or geographic name entry element | Occupational retraining |
| 9 (RLIN) | 3356 |
| 942 ## - ADDED ENTRY ELEMENTS (KOHA) | |
| Source of classification or shelving scheme | Dewey Decimal Classification |
| Koha item type | Books |
| Withdrawn status | Lost status | Source of classification or shelving scheme | Damaged status | Not for loan | Home library | Current library | Date acquired | Total Checkouts | Full call number | Barcode | Date last seen | Copy number | Price effective from | Koha item type |
|---|---|---|---|---|---|---|---|---|---|---|---|---|---|---|
| Dewey Decimal Classification | BUFT Library | BUFT Library | 04/21/2002 | 650.1 L8471e 1995 | 2002-0069 | 01/31/2026 | C-1 | 01/31/2026 | Books |
